000 01003nam a2200205 a 4500
001 19752
003 CO-ViMGA
008 141112s2004 ck r 000 u spa d
020 _a9587040341
040 _aCO-ViMGA
_bspa
_cCO-ViMGA
082 0 4 _a808.8 H376p
100 1 _aPardo, Gloria
_928590
245 1 0 _aEl Heroe, la dama y el clerigo :
_bantología de literatura medieval
260 _aBogotá :
_bAlfaguara,
_c2002
300 _a151 p.
505 _aPoesia Epica : Poema de Mio Cid, El cantar de los nibelungos Mester de Clerecia : Gonzalo de Berceo, Arcipreste de Hita Poesia Trovadoresca : Giraut de Bornelh, Bernart de Ventadorn, Chretien de Troyes, Ricardo Corazón de León, Heinrich von Veldehke, Hartmann von Aue, Hildegard von Bingen, Marguerite Porete Novela Caballeresco cortesana : Amadis de Gaula, Gottgried von Strassburg, maria de Francia
590 _aForma de adquisición : Premio Mincultura
650 1 4 _aLITERATURA MEDIEVAL - COLECCIONES DE ESCRITOS
_928591
942 _2ddc
_cBK
999 _c28887
_d28887